Receptury na mírně slané bezmasé pokrmy /

Hlavní autor: Košťálová, Alexandra, 1978-
Další autoři: Niklová, Anna, Šubrt, Radek, Kratochvíl, Jan
Jazyk: Čeština
Vydáno: Praha : Státní zdravotní ústav, 2016
Vydání: 1. vydání
Témata:
Fyzický popis: 60 stran : barevné ilustrace ; 21 cm
Knihy
Uloženo v:
LEADER 02190nam a2200613 i 4500
001 nkc20172876192
003 CZ PrNK
005 20240923113919.0
007 ta
008 170201s2016 xr a e f 000 0 cze
015 |a cnb002876192 
020 |a 978-80-7071-357-0  |q (brožováno) 
035 |a (OCoLC)975031702 
040 |a ABA001  |b cze  |e rda 
072 7 |a 641  |x Kuchařství. Potraviny. Vařená jídla  |2 Konspekt  |9 19 
080 |a 640.522.4  |2 MRF 
080 |a 613.22  |2 MRF 
080 |a 641.881  |2 MRF 
080 |a 616  |2 MRF 
080 |a 641.562  |2 MRF 
080 |a 641.55:637.5-021.146.4  |2 MRF 
080 |a (035)  |2 MRF 
080 |a (083.12)  |2 MRF 
100 1 |a Košťálová, Alexandra,  |d 1978-  |7 mzk2013754950  |4 aut 
245 1 0 |a Receptury na mírně slané bezmasé pokrmy /  |c Alexandra Košťálová, Anna Niklová, Radek Šubrt, Jan Kratochvíl 
250 |a 1. vydání 
264 1 |a Praha :  |b Státní zdravotní ústav,  |c 2016 
300 |a 60 stran :  |b barevné ilustrace ;  |c 21 cm 
336 |a text  |b txt  |2 rdacontent 
337 |a bez média  |b n  |2 rdamedia 
338 |a svazek  |b nc  |2 rdacarrier 
521 8 |a Určeno pro zařízení školního stravování 
650 0 7 |a školní stravování  |7 ph135057  |2 czenas 
650 0 7 |a výživa dětí  |7 ph135109  |2 czenas 
650 0 7 |a kuchyňská sůl  |7 ph189249  |x zdravotní aspekty  |2 czenas 
650 0 7 |a dětská jídla  |7 ph114393  |2 czenas 
650 0 7 |a bezmasá jídla  |7 ph139037  |2 czenas 
650 0 9 |a school catering  |2 eczenas 
650 0 9 |a children's nutrition  |2 eczenas 
650 0 9 |a table salt  |x health aspects  |2 eczenas 
650 0 9 |a cookery for children  |2 eczenas 
650 0 9 |a meatless dishes  |2 eczenas 
655 7 |a příručky  |7 fd133209  |2 czenas 
655 7 |a kuchařské recepty  |7 fd132687  |2 czenas 
655 9 |a handbooks and manuals  |2 eczenas 
655 9 |a cookbooks  |2 eczenas 
700 1 |a Niklová, Anna  |7 xx0202713  |4 aut 
700 1 |a Šubrt, Radek  |4 aut 
700 1 |a Kratochvíl, Jan  |7 xx0214288  |4 aut 
910 2 |a BOA001  |b 2-1382.942 
990 |a BK 
995 |a 01 
991 |b 201703  |c NOV 
996 6 |b 2610699793  |c 2-1382.942  |l MZK  |r Sklad / do 1 hodiny  |n 2  |p p.v.  |w 001601845  |u 000010  |a 1  |e BOA001  |j MZK50  |s P